LEADER 01759nam a2200385 u 4500 001 000000064169 003 CaOOAMICUS 005 20070226121327.0 008 011114s1953 quc u000 u lat u 035 $a10909884 040 $aPUL(R)$bita 100 0 $aIohannes a Sancto Thoma,$cO.P.,$d1589-1644.$0(OLS)http://pul/name/14100 245 10$aDe spe :$bcursus thologicus in IIam-IIae /$cJoannes a Sancto Thoma ; Armand Mathieu et Herv{82} Gagn{82} ... editionem curaverunt. 246 30$aCursus theologicus 246 30$aIn IIam-IIae 260 $aQuebeci :$bPresses Universitaires Laval,$c1953. 300 $axxvi, 243 p. ;$c22 cm 490 1 $aCollectio Lavallensis.$aSectio Theologica 500 $aContiene indici. 504 $aBibliografia in nota. 650 4$aTeologia morale$xManuali, compendi, ecc.$0(OLS)http://pul/subject/21415 650 4$aVirtù teologali.$0(OLS)http://pul/subject/12274 650 4$aSperanza.$0(OLS)http://pul/subject/669 700 1 $aMathieu, Armand,$csac.$0(OLS)http://pul/name/43362 700 1 $aGagn{82}, Herv{82}.$0(OLS)http://pul/name/43363 710 2 $aUniversité Laval.$0(OLS)http://pul/name/43364 830 0$aCollectio Lavallensis.$pSectio Theologica.$0(OLS)http://pul/title/85423 850 $aPUL 852 $aPUL$W1$xSL Religione 1$y3$m80 E 21$j83231$nBK-PRI$b $qStampati$B83231$CPULBib$Z2$F83231 $H $81 941 1 $a8 961 $aINV: 36499 996 $6245$aDe spe :$bcursus thologicus in IIam-IIae$9(OLS)http://pul/title/85511 996 $6246$aCursus theologicus$9(OLS)http://pul/title/85421 996 $6246$aIn IIam-IIae$9(OLS)http://pul/title/85422 996 $6260$aQuebeci :$bPresses Universitaires Laval$9(OLS)http://pul/publisher/70804 LEADER 01346nam a2200313 u 4500 001 000000079583 003 CaOOAMICUS 005 20070226123544.0 008 040608s2003 sz u000 u fre u 020 $a2830910982 035 $a10998231 040 $aPUL$bita 245 00$aDe la Bible à la littérature /$cJean-Christophe Attias ... [et al.] ; édité par Jean-Christophe Attias et Pierre Gisel. 260 $aGenève :$bLabor et fides,$c2003. 300 $a336 p. ;$c24 cm 490 1 $aReligions en perspective ;$v15 500 $aContributi di vari autori. 504 $aBibliografia in nota. 630 04$aBiblia$xNella letteratura.$0(OLS)http://pul/subject/26493 650 4$aLetteratura ebraica.$0(OLS)http://pul/subject/8236 700 1 $aGisel, Pierre.$0(OLS)http://pul/name/11381 700 1 $aAttias, Jean-Christophe.$0(OLS)http://pul/name/53003 830 0$aReligions en perspective ;$v15.$0(OLS)http://pul/title/104223 850 $aPUL 852 $aPUL$W1$xSL Religione 3$y85$m296. 7 ATTJE 1$j101813$nBK-PRI$qDDC 21$B101813$CPULBib$Z2$F101813 $H94688 $82 941 1 $a9 996 $6020$a2830910982$9(OLS)http://pul/number/104724 996 $6245$aDe la Bible à la littérature$9(OLS)http://pul/title/104222 996 $6260$aGenève :$bLabor et fides$9(OLS)http://pul/publisher/53460